Quiz sur l’Empire Romain version facile - Statistiques

Statistiques générales
  • Ce quiz a été pris 287 fois
  • Le résultat moyen est 10 sur 15
Statistiques - réponses
Questions Réponses % Correct
Quelle était la langue officielle de l'Empire romain? Latin
98%
Quel célèbre général romain a été assassiné aux Ides de mars en 44 avant J.-C.? Jules César
97%
Quel était le nom de la capitale de l'Empire romain? Rome
96%
Quel est le nom du premier empereur romain, qui a succédé à Jules César? Auguste
89%
Quelle célèbre arène, située à Rome, pouvait accueillir des combats de gladiateurs? Colisée
89%
Quel conquête a fait Jules César en 50 av J-C? La Gaule
75%
Quel fleuve traverse la ville de Rome? Le Tibre
71%
Quelle bataille remporte Rome sur les Gaulois coalisés en 52 av J-C? Alésia
69%
Qui était le chef de l'armée carthaginoise qui a traversé les Alpes avec des éléphants pour attaquer Rome pendant la deuxième guerre punique? Hannibal
65%
Quel titre portaient les dirigeants de la République romaine avant l'instauration de l'Empire? Consul
63%
Comment s'appelle la période de paix et de prospérité qui a duré environ 200 ans sous l'Empire romain? Pax romana
58%
Dans la guerre civil romaine, à qui était opposé César? Pompée
49%
Avant le Christianisme, quel forme de croyance avait l’Empire Romain? Polythéiste
41%
Quelle est la devise de l'Empire Romain? SPQR
39%
En 313, l’édit de Milan met fin au persécutions et autorise quelle religion? Chrétienne
38%
Aucun quiz correspondant
Distribution des résultats
% des personnes avec chaque résultat
Percentile par nombre de réponses
Votre historique - résultats
Vous n’avez pas pris ce quiz